Kĩ thuật điện ô tô
Sách giới thiệu 140 sơ đồ mạch điện chủ yếu, được viết dưới dạng đối thoại giúp người đọc dễ nắm được vấn đề.
Guardado en:
| Autor principal: | |
|---|---|
| Formato: | Libro |
| Lenguaje: | Undetermined |
| Publicado: |
Hà Nội
Giao thông vận tải
2001
|
| Materias: | |
| Etiquetas: |
Agregar Etiqueta
Sin Etiquetas, Sea el primero en etiquetar este registro!
|
| Thư viện lưu trữ: | Trung tâm Học liệu Trường Đại học Cần Thơ |
|---|
| LEADER | 00747nam a2200193Ia 4500 | ||
|---|---|---|---|
| 001 | CTU_42085 | ||
| 008 | 210402s9999 xx 000 0 und d | ||
| 082 | |a 629.287 | ||
| 082 | |b T502 | ||
| 100 | |a Ca, Lê Mạnh | ||
| 245 | 0 | |a Kĩ thuật điện ô tô | |
| 245 | 0 | |c Ca Lê Mạnh, Trần Khắc Tuấn | |
| 260 | |a Hà Nội | ||
| 260 | |b Giao thông vận tải | ||
| 260 | |c 2001 | ||
| 520 | |a Sách giới thiệu 140 sơ đồ mạch điện chủ yếu, được viết dưới dạng đối thoại giúp người đọc dễ nắm được vấn đề. | ||
| 650 | |a Automobile | ||
| 650 | |x Maintenance and repaire | ||
| 980 | |a Trung tâm Học liệu Trường Đại học Cần Thơ | ||